Clínica jurídica y enseñanza práctica
Saved in:
| Hovedforfatter: | |
|---|---|
| Format: | Bog |
| Sprog: | spansk |
| Udgivet: |
Buenos Aires
EJEA
1959
|
| Udgivelse: | 1a. ed |
| Serier: | Breviarios de Derecho, 21
|
| Fag: | |
| Tags: |
Tilføj Tag
Ingen Tags, Vær først til at tagge denne postø!
|
MARC
| LEADER | 00000cam a2200000 a 4500 | ||
|---|---|---|---|
| 001 | UCC5325 | ||
| 003 | CL-VaPUC | ||
| 008 | 181005e19590000ag |||||||||||||||||spa|d | ||
| 082 | 0 | 4 | |a 340.07 |b CAR |2 21 |
| 100 | 0 | |a Carlos, Eduardo B |e author |9 599649 | |
| 245 | 1 | 0 | |a Clínica jurídica y enseñanza práctica |
| 250 | |a 1a. ed | ||
| 300 | |a 208 p | ||
| 942 | |c BK | ||
| 945 | |d 20181005 11:02:00 |a dcastane | ||
| 260 | |a Buenos Aires |b EJEA |c 1959 | ||
| 650 | 0 | |a Enseñanza del derecho |9 354184 | |
| 650 | 7 | |a FORMACION PROFESIONAL DE ABOGADOS |2 CL-VaPUC |9 599650 | |
| 583 | |a last modification |c 20181005 11:02:00 |k Rodrigo Vera | ||
| 490 | 0 | |a Breviarios de Derecho, 21 | |
| 999 | |c 372578 |d 372576 | ||
| 952 | |0 0 |1 0 |3 erd |4 0 |6 340_070000000000000_CAR_1959 |7 0 |8 A |9 490261 |a BIBDER |b BIBDER |e Mateluna Arestizabal, Alfredo Sergio |i 5489296 |l 3 |m 1 |o 340.07 CAR 1959 |p 5489296 |r 2023-01-25 |s 2022-11-30 |w 2019-11-24 |y BK |z Catalogado en:20181005 |k DER | ||